Statistics for Unusual Geography Quiz

Click here to take the quiz!

General Stats

  • This quiz has been taken 48 times
  • The average score is 5 of 15

Answer Stats

Answer% Correct
The Desert Expanding half a mile south every yearSahara
85%
The only letter that does not appear in any US state nameQ
78%
The Only Man Made Structure Visible from spaceGreat Wall Of China
74%
The only country yhat does not have a rectangular or square flagNepal
63%
The Worlds Largest Landlocked CountryKazakhstan
61%
Until 1896 The only source of diamonds in the worldIndia
26%
The World Oldest Functioning DemocracyIceland
22%
There are more Rolls Royce on this island than anywhere else on the planetHong Kong
20%
In Which North American city is the worlds longest streetToronto
15%
The only country in the world where windmills turn clockwiseIreland
13%
The only country to never impose censorship on adult filmsBelgium
11%
On every continent there is a city calledRome
9%
In which country is it illegal to flush a toilet after 10pm if you live in an apartmentSwitzerland
9%
In which country do all citizens officially become a year older on New Years DayBhutan
7%
The worlds only city consisting of only vowels found in USAiea
0%

Score Distribution

Percentile by Number Answered

Percent of People with Each Score

Your Score History

You have not taken this quiz